San Martín. Su correspondencia. 1823-1850
محفوظ في:
| المؤلف الرئيسي: | |
|---|---|
| التنسيق: | كتاب |
| اللغة: | الإسبانية |
| منشور في: |
Madrid
Imprenta de Bailly-Baillière
1911
|
| الطبعة: | 3a. ed |
| الموضوعات: | |
| الوسوم: |
إضافة وسم
لا توجد وسوم, كن أول من يضع وسما على هذه التسجيلة!
|
MARC
| LEADER | 00000nam a2200000 a 4500 | ||
|---|---|---|---|
| 001 | UCJ6962 | ||
| 003 | CL-VaPUC | ||
| 008 | 070124e19110000SP |||||||||||||||||spa|d | ||
| 082 | 0 | 4 | |a 923 |b SAN |2 21 |
| 100 | 0 | |a San Martín, José de |e author |9 514674 | |
| 245 | 1 | 0 | |a San Martín. Su correspondencia. 1823-1850 |
| 250 | |a 3a. ed | ||
| 300 | |a 351 p | ||
| 942 | |c BK | ||
| 945 | |d 20070124 00:00:00 |a rinostro | ||
| 260 | |a Madrid |b Imprenta de Bailly-Baillière |c 1911 | ||
| 500 | |a Frente a p. 1, retrato de San Martín con su firma, daguerrotipo de 1848 | ||
| 600 | 0 | |a O'higgins Riquelme, Bernardo |9 387808 | |
| 600 | 0 | 7 | |a LAS HERAS, JUAN GREGORIO |2 CL-VaPUC |9 504317 |
| 600 | 0 | 7 | |a PRIETO, JOAQUIN |2 CL-VaPUC |9 350270 |
| 600 | 0 | |a Rosas, Juan Manuel de |9 438178 | |
| 600 | 0 | 7 | |a SARRATEA, MANUEL DE |2 CL-VaPUC |9 514675 |
| 600 | 0 | |a Miller, Guillermo, |d 1795-1861 |g Miller, William |9 504661 | |
| 650 | 0 | |a Guerra de la independencia |9 331979 | |
| 650 | 7 | |a DOCUMENTOS |2 CL-VaPUC |9 366450 | |
| 650 | 0 | |a Correspondencia |9 258963 | |
| 650 | 7 | |a PRESIDENTES PERUANOS |2 CL-VaPUC |9 504410 | |
| 650 | 0 | |a Iconografía |9 267998 | |
| 651 | 0 | |a Argentina |9 254888 | |
| 651 | 7 | |a CHILE |2 CL-VaPUC |9 514676 | |
| 651 | 0 | |a Perú |9 256567 | |
| 651 | 0 | |a Inglaterra |9 255158 | |
| 583 | |a last modification |c 20070124 00:00:00 |k Rodrigo Vera | ||
| 999 | |c 323064 |d 323062 | ||
| 952 | |0 0 |1 0 |4 0 |6 923_000000000000000_SAN_1911 |7 0 |8 X |9 402309 |a FDOBUD |b FDOBUD |d 2019-11-22 |i 105564K |o 923 SAN 1911 |p 105564K |r 2019-11-22 |w 2019-11-22 |y BK_X |k BUD | ||